000 nam a22 a 4500
999 _c572
_d572
003 AKMAL
005 20170504115222.0
008 170504s1996 my 00 may d
020 _a9676901423 (kkt.):
_c23.00
040 _aAKMAL
_cAKMAL
049 _amal
082 0 4 _a153.8 BRE
090 _a153.8
_bBRE
090 2 0 _a153.8
_bBRE
100 1 _aBremer, Sydney Newton
_91269
245 1 0 _a366 esei untuk memotivasi diri untuk pelajar dan dewasa /
_cSidney Newton Bremer ; Frans Kowa
260 _aBatu Caves :
_bThinker's Library,
_c1996
300 _a421ms. ;
_c23cm
650 _aMotivation (Psychology)
_9559
700 1 _aKowa, Frans
_91270
740 2 _aTiga ratus enam puluh enam esei untuk memotivasi diri
942 _2ddc
_cBOOK